=LDR 00000nam 2200000 4500 =001 INLIS000000000018378 =005 20130612113543 =008 ***********************************Ind** =035 ##$$0010-061300000018378 =041 ##$$a Ind =082 ##$$a 028.5 =090 ##$$a 028.5, Adi r =100 ##$$a Adityawarman, Maurice =245 ##$$a Robert wolter monginsidi (pahlawan Sulawesi Selatan), Maurice Adityawarman =260 ##$$a 1991 $b Surabaya =300 ##$$a v, 32 hlm, 26 cm =650 ##$$a Bacaan anak-anak =850 ##$$a NBPNMAT